[Event "GER-chT School WK 2"]
[Site "Playchess.com INT"]
[Date "2020.06.15"]
[Round "4.1"]
[White "Weishaeutel, Moritz"]
[Black "Saphoerster, Arne"]
[Result "1-0"]
[WhiteElo "2049"]
[BlackElo "1618"]
[PlyCount "37"]
[EventDate "2020.06.08"]
[EventType "team-swiss (blitz)"]
[EventRounds "7"]
[EventCountry "GER"]
[SourceTitle "EXT 2021"]
[Source "ChessBase"]
[SourceDate "2020.10.23"]
[SourceVersion "1"]
[SourceVersionDate "2020.10.23"]
[SourceQuality "1"]
[WhiteTeam "Erfurt Alb Schweitzer Gymn"]
[BlackTeam "Kardinal von Galen"]
[WhiteTeamCountry "GER"]
[BlackTeamCountry "GER"]

1. e4 c5 2. Nf3 e6 3. d4 cxd4 4. Nxd4 Nc6 5. Nc3 Nf6 6. Ndb5 a6 7. Nd6+ Bxd6 8. Qxd6 Qe7 9. Qxe7+ Nxe7 10. Bg5 b5 11. Bd3 Bb7 12. f3 Rc8 13. a3 d6 14. 0-0-0 Nd7 15. Be2 Rc7 16. Rxd6 Nc6 17. Rhd1 Nde5 18. Rd8+ Nxd8 19. Rxd8# 1-0

[Event "GER-chT School WK 2"]
[Site "Playchess.com INT"]
[Date "2020.06.08"]
[Round "3.2"]
[White "Seifert, Viktor"]
[Black "Saphoerster, Arne"]
[Result "0-1"]
[WhiteElo "1665"]
[BlackElo "1618"]
[PlyCount "103"]
[EventDate "2020.06.08"]
[EventType "team-swiss (blitz)"]
[EventRounds "7"]
[EventCountry "GER"]
[SourceTitle "EXT 2021"]
[Source "ChessBase"]
[SourceDate "2020.10.23"]
[SourceVersion "1"]
[SourceVersionDate "2020.10.23"]
[SourceQuality "1"]
[WhiteTeam "NDS W Raabe Gymn"]
[BlackTeam "Kardinal von Galen"]
[WhiteTeamCountry "GER"]
[BlackTeamCountry "GER"]

1. e4 c5 2. Nf3 e6 3. b3 Nc6 4. Be2 Be7 5. Nc3 a6 6. 0-0 b5 7. d3 Bb7 8. Be3 d6 9. d4 cxd4 10. Bxd4 Nxd4 11. Nxd4 Nf6 12. Bf3 Qc7 13. Qd3 Rc8 14. Nce2 0-0 15. Rac1 Qb8 16. Rfe1 Rfd8 17. c3 h6 18. Rc2 Rc5 19. Rec1 Re5 20. Ng3 Qa8 21. c4 Nxe4 22. Bxe4 Bxe4 23. Nxe4 Qxe4 24. Qxe4 Rxe4 25. Rd1 Bf6 26. Nc6 Rd7 27. cxb5 axb5 28. Nb8 Rd8 29. Nc6 Rd7 30. f3 Re3 31. Nd4 Bxd4 32. Rxd4 Re1+ 33. Kf2 Ra1 34. Rb4 Rb7 35. Rd4 Rb6 36. Re4 d5 37. Ree2 Rh1 38. h3 Ra1 39. Rc8+ Kh7 40. Ra8 b4 41. Ra7 f5 42. Ra8 Rc6 43. Rb2 d4 44. Rd2 d3 45. Ra7 Rc2 46. Rxc2 dxc2 47. Rb7 c1Q 48. Rxb4 Rxa2+ 49. Kg3 Qe1+ 50. Kf4 Qxb4+ 51. Kg3 Qd2 52. Kh2 0-1